000
00224nam a2200097Ia 4500
008
190216s9999||||xx |||||||||||||| ||und||
100
_a
K A N Shashthry
245
0
_a
"History Of India Part 1,2"
260
_b
Null
942
_c
BK
999
_c
18622
_d
18622